| 000 | 00519nam a22001577a 4500 | ||
|---|---|---|---|
| 003 | NUST | ||
| 082 | _a610 | ||
| 100 |
_aFAROOQ ,NAJWA _9121260 |
||
| 245 |
_aDECISION SUPPORT SYSTEM FOR BONE FRACTURE DETECTION USING IMAGE PROCESSING TECHNIQUES / _cNAJWA FAROOQ |
||
| 264 |
_aIslamabad : _bSMME- NUST; _c2018 |
||
| 300 |
_a51p. ; _bSoft Copy |
||
| 650 | _aMS Biomedical Sciences (BMS) | ||
| 700 |
_aDR. SYED OMER GILANI _916175 |
||
| 856 | _uhttp://10.250.8.41:8080/xmlui/handle/123456789/9759 | ||
| 942 |
_2ddc _cTHE |
||
| 999 |
_c608107 _d608107 |
||